Lorenzo de Zavala y su misión diplomática en Francia, 1834-1835 /

Documentos relacionados con la designación de don Lorenzo de Zavala como ministro plenipotenciario de la República Mexicana en Francia, que se hizo por acuerdo del presidente, Manuel Gómez Pedraza, con fecha del 23 de enero de 1833.

Na minha lista:
Detalhes bibliográficos
Autor principal: Flores D., Jorge (comp. y pról.)
Formato: Livro
Idioma:espanhol
Publicado em: México : Secretaría de Relaciones Exteriores, Departamento de Información para el Extranjero, 1951, c1951
coleção:(Archivo Histórico Diplomático Mexicano. Segunda Serie ; 8)
Assuntos:
Tags: Adicionar Tag
Sem tags, seja o primeiro a adicionar uma tag!

MARC

LEADER 00000nam^a2200000^a^4500
001 000121264
005 20250521000000.0
009 20260310094420.16
037 |a Acervo ITESO - Biblioteca 
041 |a ESP 
082 |a 972. 042  |b FLO 
100 |a Flores D., Jorge  |e (comp. y pról.) 
245 1 0 |a Lorenzo de Zavala y su misión diplomática en Francia, 1834-1835 /  |c Comp. y pról. de J. Flores D. 
264 4 |a México :  |b Secretaría de Relaciones Exteriores, Departamento de Información para el Extranjero,  |c 1951, c1951 
300 |a 277 p. 
336 |a texto  |b txt  |2 rdacontenido 
337 |a sin mediación  |b n  |2 rdamedio 
338 |a volumen  |b nc  |2 rdasoporte 
440 1 |a (Archivo Histórico Diplomático Mexicano.  |p Segunda Serie ;  |v 8) 
520 |a Documentos relacionados con la designación de don Lorenzo de Zavala como ministro plenipotenciario de la República Mexicana en Francia, que se hizo por acuerdo del presidente, Manuel Gómez Pedraza, con fecha del 23 de enero de 1833. 
649 |a XX 
650 |a Diplomáticos Mexicanos 
650 |a Políticos Mexicanos 
650 |a Relaciones Internacionales -  |z México-Francia -  |x Historia 
650 |a Política Exterior -  |z México -  |x Historia -  |y Federalismo, 1824-1835 
650 |a Política Exterior -  |z Francia -  |x Historia 
650 |a Diplomacia -  |z México -  |x Historia -  |y Federalismo, 1824-1835 
650 |a Política -  |z México -  |x Historia -  |y Federalismo, 1824-1835 
650 |a México -  |x Historia -  |y Federalismo, 1824-1835 
650 |a México -  |x Historia -  |y Federalismo y Centralismo, 1824-1853 
650 |a México -  |x Historia -  |y Siglo XIX 
650 |a México -  |x Historia -  |x Documentos 
650 |a Francia -  |x Historia -  |y Luis Felipe I, 1830-1848 
650 |a Francia -  |x Historia -  |y Restauración, 1815-1848 
650 |a Francia -  |x Historia -  |y Revolución Liberal Burguesa, 1774-1848 
650 |a Francia -  |x Historia -  |x Documentos 
600 |a Zavala, Lorenzo de 
910 |a Fondo Salvador Reynoso Reynoso 
920 |a Impresos - Libros 
930 |a Fondos Especiales 
905 |a 112 
901 |a 0800006039  |b IT2  |c ESP  |u 20250521 
902 |a https://opac.biblio.iteso.mx/vufind/Record/000121264